| 000 | 00650nam a2200205 i 4500 | ||
|---|---|---|---|
| 001 | 58807 | ||
| 003 | ES-MaACL | ||
| 005 | 20230906163907.0 | ||
| 007 | t| | ||
| 008 | 031024s1967 sp ||||1| baq d | ||
| 080 | _a891.69-1"19" | ||
| 100 | 1 |
_aEtxebarria, Jon Gotzon ( _d1934-1996) _948305 |
|
| 245 | 1 | 0 |
_aBosoko loreak / _cEtxebarriatar Juan Anjel. |
| 260 |
_a[Bilbao] : _bS. Antonigo Katekesia. Euskalargitalpenak, _c[1967] ( _eBilbao : _fImp. Omega) |
||
| 300 |
_a54 p. ; _c17 cm. |
||
| 490 | 1 |
_aAgertutako Idaztiak ; _v22 |
|
| 830 | 0 |
_aAgertutako Idaztiak ; _v22 _9182656 |
|
| 852 |
_aES-MaACL _j2059-F-4 _bR.63182 |
||
| 999 |
_c58807 _d58807 |
||